| 000 | 01786nam a2200241Ia 4500 | ||
|---|---|---|---|
| 008 | 260220t1968||||xx |||||||||||||| ||spa|| | ||
| 040 |
_aPY-SlUNAC _bspa _erda |
||
| 041 | _aspa | ||
| 082 |
_a539.14 _bSha23e |
||
| 100 |
_aSharp Cook, C. _eAutor |
||
| 245 | 0 |
_aEstructura del núcleo atómico / _cpor C. Sharp Cook [Autor] |
|
| 264 |
_aCiudad de México : _bCentro Regional de Ayuda Técnica, _c℗1968. |
||
| 300 | _a153 páginas | ||
| 520 | _aEn "Estructura del núcleo atómico", Sharp Cook presenta una exploración exhaustiva de la composición y características del núcleo atómico, abordando tanto su estructura interna como los principios que rigen su comportamiento. El autor analiza los componentes fundamentales del núcleo, como protones y neutrones, y las fuerzas nucleares que los mantienen unidos, proporcionando un marco teórico que incluye modelos atómicos clásicos y contemporáneos. Cook también discute los métodos experimentales utilizados para investigar la naturaleza del núcleo, así como las implicaciones de estos hallazgos en campos como la física nuclear y la astrofísica. A lo largo del texto, se destacan aplicaciones prácticas de la teoría nuclear, incluyendo la energía nuclear y su uso en medicina, lo que subraya la relevancia del estudio del núcleo no solo en la ciencia pura, sino también en la tecnología moderna. Este libro se convierte, así, en un recurso esencial para estudiantes y profesionales interesados en la física nuclear y sus aplicaciones. | ||
| 653 | _aEstructura de la materia | ||
| 653 | _aFísica nuclear | ||
| 653 | _aNúcleo atómico | ||
| 942 |
_b2026/02/17 _cBK |
||
| 999 |
_c7809 _d7809 |
||